ऋणानुबंध रक्ताचे (Record no. 370192)

MARC details
000 -LEADER
fixed length control field 02492 a2200181 4500
003 - CONTROL NUMBER IDENTIFIER
control field OSt
005 - DATE AND TIME OF LATEST TRANSACTION
control field 20260205161043.0
008 - FIXED-LENGTH DATA ELEMENTS--GENERAL INFORMATION
fixed length control field 260205b |||||||| |||| 00| 0 eng d
020 ## - INTERNATIONAL STANDARD BOOK NUMBER
International Standard Book Number 9788195076789
100 ## - MAIN ENTRY--PERSONAL NAME
Personal name वाघ म.
9 (RLIN) 216639
245 ## - TITLE STATEMENT
Title ऋणानुबंध रक्ताचे
250 ## - EDITION STATEMENT
Edition statement 3rd ED.
260 ## - PUBLICATION, DISTRIBUTION, ETC. (IMPRINT)
Name of publisher, distributor, etc. भारतीय विचार साधना प्रकाशन
Date of publication, distribution, etc. 2021
Place of publication, distribution, etc. पुणे
300 ## - PHYSICAL DESCRIPTION
Extent 264pp.
500 ## - GENERAL NOTE
Keywords अर्थ: 'ऋण' (कर्ज) आणि 'अनुबंध' (नाते). रक्ताच्या पलीकडचे जिव्हाळ्याचे नाते.<br/>पुस्तक: महेन्द्र वाघ यांनी 'ऋणानुबंध रक्ताचे - रक्तदानाचे समृद्ध भावविश्व' हे पुस्तक लिहिले आहे, जे जनकल्याण रक्तपेढी, पुणे यांच्याशी संबंधित आहे.<br/>संकल्पना: अपघातासारख्या गंभीर परिस्थितीत रक्ताची गरज पडते, तेव्हा अनोळखी व्यक्तीशी जुळणारा ऋणानुबंध (रक्त नाते) जीव वाचवतो.<br/>व्याप्ती: हे केवळ रक्ताच्या नात्यापुरते मर्यादित नसून, लग्नासारख्या पवित्र बंधातूनही जोडले जाऊ शकते.
520 ## - SUMMARY, ETC.
Summary, etc. 'ऋणानुबंध रक्ताचे' म्हणजे रक्ताच्या नात्यापलीकडे जाऊन भावनिक जवळीक निर्माण होणारे, किंवा पूर्वापार चालत आलेले अतूट नाते होय. महेंद्र वाघ लिखित हे पुस्तक रक्तदानाचे महत्त्व आणि त्याद्वारे निर्माण होणाऱ्या मानवी संबंधांचे (रक्तदानाचे समृद्ध भावविश्व) वर्णन करते. हे केवळ नाते नसून एक भावनिक बंध मानले जाते.
942 ## - ADDED ENTRY ELEMENTS (KOHA)
Koha item type Books
Source of classification or shelving scheme Dewey Decimal Classification
Holdings
Withdrawn status Lost status Source of classification or shelving scheme Damaged status Not for loan Collection code Home library Current library Date acquired Vendor Cost, normal purchase price Total Checkouts Barcode Date last seen Cost, replacement price Bill Date Koha item type Original Barcode
    Dewey Decimal Classification     MCA MKSSS s K.B. Joshi Institute of Information Technology Library MKSSS s K.B. Joshi Institute of Information Technology Library 03/02/2026 188 175.00   KBJP-BK-3006 03/02/2026 250.00 03/02/2026 Books 3006